[Event "Besancon op"]
[Site "Besancon"]
[Date "2008.12.30"]
[Round "7"]
[White "Jonet, Gilbert"]
[Black "Loctin, Norbert"]
[Result "1-0"]
[WhiteElo "1596"]
[BlackElo "1499"]
[PlyCount "45"]
[EventDate "2008.12.26"]
[EventType "swiss"]
[EventRounds "7"]
[EventCountry "FRA"]
[SourceTitle "CBM 128 Extra"]
[Source "ChessBase"]
[SourceDate "2009.03.05"]
[SourceVersion "2"]
[SourceVersionDate "2009.03.25"]
[SourceQuality "1"]

1. e4 c5 2. d4 cxd4 3. c3 dxc3 4. Nxc3 d6 5. Nf3 Nf6 6. Bc4 e6 7. 0-0 Be7 8. Re1 0-0 9. Qe2 Nc6 10. Rd1 Bd7 11. Nb5 Nxe4 12. Qxe4 d5 13. Bxd5 exd5 14. Rxd5 f5 15. Qf4 Rc8 16. Be3 Rf6 17. Rad1 Qa5 18. Nd6 Rxd6 19. Rxd6 Bxd6 20. Qxd6 Rd8 21. Bg5 Be6 22. Bxd8 Nxd8 23. Qxd8+ 1-0

[Event "Besancon op"]
[Site "Besancon"]
[Date "2008.12.30"]
[Round "6"]
[White "Loctin, Norbert"]
[Black "Maniere, Yves"]
[Result "1-0"]
[WhiteElo "1499"]
[BlackElo "1470"]
[PlyCount "47"]
[EventDate "2008.12.26"]
[EventType "swiss"]
[EventRounds "7"]
[EventCountry "FRA"]
[SourceTitle "CBM 128 Extra"]
[Source "ChessBase"]
[SourceDate "2009.03.05"]
[SourceVersion "2"]
[SourceVersionDate "2009.03.25"]
[SourceQuality "1"]

1. Nf3 Nc6 2. e4 e5 3. Bc4 Bc5 4. c3 h6 5. d4 exd4 6. cxd4 Bb4+ 7. Bd2 d6 8. Bxb4 Nxb4 9. Qa4+ Nc6 10. d5 Bd7 11. dxc6 bxc6 12. 0-0 Nf6 13. e5 Nd5 14. Re1 0-0 15. Nbd2 c5 16. Qc2 Nb4 17. Qc3 Bf5 18. Ne4 Re8 19. a3 Nc6 20. Bd5 Qd7 21. Nh4 Bh7 22. exd6 cxd6 23. Qg3 Rab8 24. Nf6+ 1-0